| 000 | 00637nam a2200205Ia 4500 | ||
|---|---|---|---|
| 008 | 131103s9999 xx 000 0 und d | ||
| 020 |
_a8188570516 _cRs.195.00 |
||
| 040 | _aLoreto College | ||
| 041 | _aEnglish | ||
| 082 |
_a891.43/RAN _bLCLIB/49836,49837,HinSemLib 865/49838 |
||
| 100 | _aRansubhe,Suryanarayan | ||
| 245 |
_aAdhunik hindi sahitya ka itihas _cSurya Narayan Ransubhe |
||
| 250 | _a2nd ed. | ||
| 260 |
_aKanpur _bVikash Prakashan _c2008 |
||
| 300 |
_a340p. _c 21cm. |
||
| 504 | _aIncludes bibliographical references | ||
| 650 | _aHindi Literaure-History and criticism | ||
| 850 | _aLCLIB/891.43/RAN | ||
| 942 | _cBK | ||
| 999 |
_c38441 _d88920 |
||